000 00497nam a2200181Ia 4500
001 19527
005 20260306172659.0
008 260306t2002||||xx |||||||||||||| ||spa||
041 _aESP
082 _a340.11
_bE36
100 _aPosner, Eric A. (Comp.)
_eAUT
245 0 _aEl Análisis Económico del Derecho y la Escuela de Chicago:
_bLecturas en honor de Ronald Coase
260 _c2002
300 _a335 páginas :
_c25 cm.
650 _aGEN
654 _aCDE
942 _cLIB
_dJUS
_fJUS
_2ddc
_n
999 _c19527
_d19527